Statistics for 30 biggest cities of Europe with a map!

Click here to take the quiz!

General Stats

  • This quiz has been taken 57 times
    (4 since last reset)
  • The average score is 28 of 30

Answers on the Map

Answers color-coded by a green-red scale on the quiz's map according to % correct below.
Loading ...
 

Answer Stats

PopulationCity% Correct
17,400,000Moscow
100%
3,475,000Kyiv
100%
2,250,000Stockholm
100%
2,275,000Munich
100%
2,350,000Warsaw
100%
2,500,000Lisbon
100%
2,500,000Amsterdam
100%
2,625,000Budapest
100%
2,725,000Brussels
100%
2,875,000Hamburg
100%
3,075,000Manchester
100%
3,275,000Rotterdam/The Hague
100%
16,200,000Istanbul
100%
3,275,000Frankfurt
100%
3,500,000Rome
100%
3,500,000Athens
100%
4,150,000Naples
100%
4,750,000Berlin
100%
4,875,000Barcelona
100%
5,650,000St Petersburg
100%
6,150,000Milan
100%
6,700,000Madrid
100%
11,400,000Paris
100%
14,800,000London
100%
2,225,000Vienna
100%
3,150,000Birmingham
67%
5,000,000Cologne/Dusseldorf
67%
2,400,000Stuttgart
67%
2,325,000Katowice
67%
5,650,000Ruhr Area
33%

Score Distribution

Percentile by Number Answered

Percent of People with Each Score

Your Score History

You have not taken this quiz since the last reset